Regions of Finland on a Map - Statistics

General Stats
  • This quiz has been taken 1,013 times
  • The average score is 7 of 19
Answers on the Map
Answers color-coded by a green-red scale on the quiz's map according to % correct below.
 
Answer Stats
Answer % Correct
Lapland
90%
North Karelia
54%
South Karelia
54%
Uusimaa
50%
Ostrobothnia
49%
Central Finland
46%
Central Ostrobothnia
43%
Northern Ostrobothnia
36%
Southern Ostrobothnia
36%
Kainuu
35%
Pirkanmaa
30%
Åland Islands
27%
Northern Savonia
27%
Southern Savonia
27%
Kymenlaakso
26%
Satakunta
26%
Tavastia Proper
18%
Finland Proper
16%
Päijänne Tavastia
14%
No matching quizzes found
Score Distribution
Percent of People with Each Score
Percentile by Number Answered
Your Score History
You have not taken this quiz